000 00641nam a2200205 4500
003 OSt
005 20240704011809.0
006 a
008 240704b |||||||| |||| 00| 0 eng d
020 _a9780521603652
040 _aDWCL-Main lib.
_cOC
082 _2Third edition
_aCirc. 576.5 P953 2007
100 _aThompson, James Jr. et al.
245 _aPrimer of genetic analysis : a problems approach /
250 _aThird edition
260 _aN. Y. :
_bCambridge University Press,
_cc2007.
300 _axi,
_b312 p. : ill. ;
_c25 cm.
650 _a1. Genetics-Problems, exercises etc.
942 _2ddc
_n0
_cBK-CIRC
_eThird edition
_kCirc.
999 _c1912
_d1912